Bytový dom

Enregistré dans:
Détails bibliographiques
Auteur principal: Parižek, Patrik (Auteur)
Autres auteurs: Somorová, Viera (Directeur de thèse)
Format: Manuscrit Livre
Langue:slovaque
Publié: 2018
Sujets:
Accès en ligne:http://is.stuba.sk/zp/portal_zp.pl?podrobnosti=146329
https://opac.crzp.sk/?fn=detailBiblioForm&sid=CB745B58B0F7E53C035BC76F3E25
Tags: Ajouter un tag
Pas de tags, Soyez le premier à ajouter un tag!

MARC

LEADER 00000ntm a22000003a 4500
001 stuzp70129
003 SK-STU
005 20230628123151.1
007 ta
008 150427s2015----xo-----f-mn---000-0-slo-d
040 |a STU  |b slo 
041 0 |a slo 
100 1 |a Parižek, Patrik  |u 010270  |4 aut  |U SvF Stavebná fakulta  |T SvF Katedra technológie stavieb  |X 63461  |U V270  |Y 28  |7 63461 
242 0 1 |a Residential House  |y eng 
245 1 0 |a Bytový dom 
260 |c 2018 
650 4 |a RAKO  |2 slo 
650 4 |a dvojpólovú  |2 slo 
650 4 |a interiérovému  |2 slo 
650 4 |a two-pole  |2 eng 
650 4 |a interior  |2 eng 
650 4 |a illustrate  |2 eng 
700 1 |a Somorová, Viera  |u 010270  |k Z1  |4 ths  |U SvF Stavebná fakulta  |T SvF Katedra technológie stavieb  |X 672  |U V270  |Y 28  |7 A000000672 
856 4 |u http://is.stuba.sk/zp/portal_zp.pl?podrobnosti=146329 
856 4 |u https://opac.crzp.sk/?fn=detailBiblioForm&sid=CB745B58B0F7E53C035BC76F3E25